000 01052nas a2200313 4500
001 BR0503945
003 BR-BrBNA
005 20231205105555.0
007 ta
008 230509b bl.|||p| |||| 00| 00por d
040 _aBR-BrBNA
_bpor
_cBiblioteca Nacional de Agricultura
041 _a(Pt)
072 _aL02
100 1 _aCancherini, L.C.
100 1 _aJunqueira, O.M.
100 1 _aAndreotti, M. de O.
100 1 _aBarbosa, M.J.B.
100 1 _aOliveira, M.C. de
245 1 _aUtilização de subprodutos de origem animal em dietas para frangos de corte com base no conceito de proteínas bruta e ideal, no período de 43 a 49 dias de idade
650 _aFRANGO DE CORTE
650 _aDIETA
650 _aFARINHA DE SANGUE
650 _aFARINHA DE VÍSCERA
650 _aRAÇÃO BALANCEADA
650 _aPROTEÍNA BRUTA
773 0 _tRevista Brasileira de Zootecnia (Brazil)
_xISSN 1516-3598
_g(Nov-Dec 2004), v. 33(6)(Suplemento 2) p. 2060-2065
_wBR0503945
909 _a202311
_bLúcia
_c55
_dLúcia Elande
942 _2AGRIS
_n0
_cANA
999 _c183621
_d183621